Beyond hellenistic epistemology: arcesilaus and the destruction of stoic metaphysics (Record no. 1433485)

MARC details
000 -LEADER
fixed length control field 00695nam a22002057a 4500
005 - DATE AND TIME OF LATEST TRANSACTION
control field 20250707165309.0
008 - FIXED-LENGTH DATA ELEMENTS--GENERAL INFORMATION
fixed length control field 250707b |||||||| |||| 00| 0 eng d
020 ## - INTERNATIONAL STANDARD BOOK NUMBER
International Standard Book Number 978-1-3502-0240-5 (hbk)
037 ## - SOURCE OF ACQUISITION
Terms of availability TB
040 ## - CATALOGING SOURCE
Original cataloging agency CRL
Transcribing agency CRL
084 ## - COLON CLASSIFICATION NUMBER
Classification number R851 R3
Assigning agency CRL
100 ## - MAIN ENTRY--PERSONAL NAME
Personal name Snyder, Charles E.
9 (RLIN) 784590
245 ## - TITLE STATEMENT
Title Beyond hellenistic epistemology: arcesilaus and the destruction of stoic metaphysics
260 ## - PUBLICATION, DISTRIBUTION, ETC.
Place of publication, distribution, etc. London, UK:
Name of publisher, distributor, etc. Bloomsbury Academic,
Date of publication, distribution, etc. 2023.
300 ## - PHYSICAL DESCRIPTION
Extent vi,217p.
365 ## - TRADE PRICE
Price amount 28.99
Currency code UKP
650 ## - SUBJECT ADDED ENTRY--TOPICAL TERM
Source of heading or term PHILOSOPHY
942 ## - ADDED ENTRY ELEMENTS (KOHA)
Source of classification or shelving scheme Colon Classification (CC)
Koha item type Textbook
Classification part R851 R3
Suppress in OPAC No

No items available.

Copyright @ Delhi University Library System